000 00801cab a2200205 4500
001 ABS44823
008 090401t xxu||||| |||| 00| 0 eng d
035 _a(Sirsi) u49253
041 _aeng
100 _aGill, D.
245 _aConsequences for the developer and the land development process
350 _a0
490 _aScottish Planning Law and Practice
_v(33) 36-38(3)
520 _aProvides a residential developer`s perspective of planning gain in Scotland . Refers to Section 50 agreements Gives two examples of hypothetical financial appraisals for developing a 10-acre greenfield site with planning consentfor fifty dwellings.
650 _aLAND VALUE
650 _aTAXATION
690 _aPROPERTY-RESIDENTIAL PROPERTY-RESIDENTIAL PROPERTY MARKET
942 _n0
948 _c04/03/1997
999 _c30819
_d30819